|
|
|
|
| LEADER |
01008nam a2200265 u 4500 |
| 001 |
10008286 |
| 003 |
upatras |
| 005 |
20210117204048.0 |
| 008 |
881025s1983 us eng |
| 020 |
|
|
|a 006014713X
|
| 040 |
|
|
|a GR-PaULI
|c GR-PaULI
|
| 041 |
0 |
|
|a eng
|
| 082 |
0 |
4 |
|a 299.9
|
| 100 |
1 |
|
|a Wolkstein, Diane
|9 121647
|
| 245 |
1 |
0 |
|a Inanna
|b queen of heaven and earth
|c Diane Wolkstein and Samuel Noah Kramer
|
| 260 |
|
|
|a New York
|b Happer & Row Publishers
|c 1983
|
| 300 |
|
|
|a xix, 227 p.
|b fig.
|c 24 cm
|
| 500 |
|
|
|a Her stories and hymns from Sumer
|
| 505 |
1 |
|
|a Includes notes, bibliography and index
|
| 650 |
|
4 |
|a Θρησκεία
|x Σουμέριοι
|9 121648
|
| 700 |
1 |
|
|a Kramer, Samuel Noah
|d 1897-1990
|9 8440
|
| 852 |
|
|
|a GR-PaULI
|b ΠΑΤΡΑ
|b ΒΚΠ
|b ΒΣ2
|k ΔΩΡΕΕΣ
|h K 299.9 W
|m 26129
|p 025000054095
|t 1
|
| 942 |
|
|
|2 ddc
|
| 952 |
|
|
|0 0
|1 0
|4 0
|6 K_299_900000000000000_W
|7 0
|9 134093
|a LISP
|b LISP
|c BSC
|d 2016-04-24
|i 26129
|l 0
|o K 299.9 W
|p 025000054095
|r 2016-04-24 00:00:00
|t 1
|w 2016-04-24
|
| 999 |
|
|
|c 87738
|d 87738
|